Karol Marx nielen ekonóm, ale aj novinár
Opis a analýza Karola Marxa ako ekonóma a novinára. Teória krízy Karola Marxa. Jeho novinárska činnosť v rôznych periodikách Analýza najmä obdobia keď bol európskym spravodajcom amerického denníka New York Tribune. Charakteristika stavu britskej tlače v polovici XIX. storočia. Úloha denníka New York...
Gespeichert in:
| 1. Verfasser: | |
|---|---|
| Format: | Buchkapitel |
| Sprache: | Slowakisch |
| Schlagworte: | |
| Tags: |
Keine Tags, Fügen Sie das erste Tag hinzu!
|
MARC
| LEADER | 00000nla a2200000 4500 | ||
|---|---|---|---|
| 001 | 0190854 | ||
| 005 | 20240417075045.9 | ||
| 041 | 0 | |a slo | |
| 044 | |a SK | ||
| 245 | 1 | 0 | |a Karol Marx nielen ekonóm, ale aj novinár |c Vladimír Bačišin |
| 520 | |a Opis a analýza Karola Marxa ako ekonóma a novinára. Teória krízy Karola Marxa. Jeho novinárska činnosť v rôznych periodikách Analýza najmä obdobia keď bol európskym spravodajcom amerického denníka New York Tribune. Charakteristika stavu britskej tlače v polovici XIX. storočia. Úloha denníka New York Tribune v rozvoji americkej tlače, najmä, že denník bol jedným z prvých vzorov kvalitatívnej žurnalistiky. | ||
| 610 | 2 | 0 | |a veda ekonomická |
| 610 | 2 | 0 | |a žurnalistika |
| 610 | 2 | 0 | |a Marx, Karol |
| 100 | 1 | |a Bačišin, Vladimír | |